000 00290nam a2200121Ia 4500
008 190216s9999||||xx |||||||||||||| ||und||
100 _aDover Wilson J
245 0 _aWhat Happens In Hamlet
260 _bCambridge Uty Press
_c1967
300 _a357p
650 _aEnglish Drama
942 _cBK
999 _c12000
_d12000